[Event "EU-chT (Men) 12th"]
[Site "Batumi"]
[Date "1999.12.07"]
[Round "9.3"]
[White "Gallagher, Joseph G"]
[Black "Gelashvili, Tamaz"]
[Result "1-0"]
[WhiteElo "2521"]
[BlackElo "2531"]
[Annotator "Alterman,B"]
[PlyCount "99"]
[EventDate "1999.11.06"]
[EventType "team-swiss"]
[EventRounds "9"]
[EventCountry "GEO"]
[SourceTitle "CBM 074"]
[Source "ChessBase"]
[SourceDate "2000.02.01"]
[SourceVersion "1"]
[SourceVersionDate "2000.02.01"]
[SourceQuality "1"]
[WhiteTeam "Switzerland"]
[BlackTeam "Georgia"]
[WhiteTeamCountry "SUI"]
[BlackTeamCountry "GEO"]

1. e4 c5 2. Nf3 Nc6 3. d4 cxd4 4. Nxd4 g6 5. c4 Bg7 6. Be3 Nf6 7. Nc3 Ng4 8.
Qxg4 Bxd4 9. Bxd4 Nxd4 10. O-O-O (10. Qd1 $5) 10... Nc6 $2 $16 (10... d6 11.
Qh4 e5 12. Qxd8+ Kxd8 13. Ne2 Nxe2+ 14. Bxe2 Ke7 15. b3 Be6 16. Kb2 {1/2-1/2
Trifunovic,P-Barendregt,J/Amsterdam IBM 1965 (16)}) (10... Ne6 11. h4 (11. f4
b5 12. cxb5 Qa5 13. f5 Nc7 14. Bc4 e6 15. Qf4 Bb7 16. Qe5 O-O-O 17. Rd2 gxf5
18. exf5 Rhg8 19. Rg1 $16 {1-0 Smejkal,J-Karlik,J/Kelheim-Passau 1994 (44)}) (
11. e5 Qa5 12. f4 Nc7 13. Qf3 a6 14. h4 b5 15. h5 b4 16. Nb1 Qb6 17. hxg6 fxg6
18. Bd3 Bb7 19. Bxg6+ Qxg6 20. Qxb7 $18 {1-0 Rahman,Z-Kulashko,A/Elista RUS
1998 (39)}) 11... Qa5 12. h5 g5 13. Rd5 Qc7 14. Rxg5 Nxg5 15. Qxg5 d6 16. Nd5
Qd8 17. c5 (17. Qg7 Rf8 (17... Kd7 18. c5 $16) 18. Qxh7 (18. h6 Be6 19. Qxh7
Qa5 20. Qg7 Bxd5 21. exd5 Qe1+ 22. Kc2 Qxf2+ 23. Kd1 O-O-O 24. h7 Qf5 $132)
18... e6 19. Nc3 (19. Ne3 Qf6 $15) 19... Qf6 20. h6 (20. Nb5 Ke7) 20... Qxf2
21. Qg7 Bd7 22. h7 (22. Bd3 Qf4+ 23. Kc2 Qe5 24. Qxe5 dxe5 $44) 22... O-O-O 23.
Bd3 Qf4+ 24. Kc2 Qe5 $132) 17... a6 18. Bc4 Be6 19. Rd1 Bxd5 20. Qxd5 (20. Rxd5
Rc8 $15) 20... e6 21. Qd4 $1 (21. Qxd6 Qxd6 22. Rxd6 Rg8 23. g3 Rg5 24. b4 Rxh5
$44 {0-1 Newbold,R-Pupols,V/Golden Gate op 1977 (33)}) 21... Qg5+ 22. Kb1 O-O
23. cxd6 $16) (10... e5 11. Qg3 d6 12. f4 f6 13. Bd3 $5 (13. f5 gxf5 (13... Kf7
14. Nb5 $1 (14. Bd3 Bd7 15. Rhf1 g5 16. h4 h6 17. Rh1 Bc6 18. Kb1 Ke7 19. Rh3
Qg8 20. hxg5 hxg5 21. Rdh1 Qg7 22. Nd1 a6 23. Ne3 a5 24. Ng4 Rxh3 25. Qxh3 Rf8
26. b3 $14 {1-0 Filipenko,A-Chernikov,O/Gorki 1987 (40)}) 14... Nxb5 15. cxb5
d5 (15... gxf5 16. Bc4+ Kf8 17. Qh4 Ke7 18. Rd3 fxe4 19. Rg3 h5 (19... Qf8 20.
Rf1 $18 {[%csl Rf6] 1-0 Timman Jan H-Van Der Vliet Fred/Leeuwarden NED ch 1979
(23)}) 20. Rf1 Ke8 21. Rxf6 $16) (15... Qc7+ 16. Kb1 Bd7 17. b3 Rad8 18. Bc4+
Kg7 19. h4 $16 {1-0 Mestel,J-Karlsson,L/Las Palmas (izt) 1982/Inf 34 (39)}) 16.
Rxd5 Qc7+ 17. Kb1 gxf5 18. Be2 Be6 19. Bh5+ Kf8 20. Qa3+ Qe7 21. Rd6 Kg7 22.
Rhd1 $18 {1-0 Kotronias,V-Anastasian,A/Ankara zt 1995 (32)}) 14. Qg7 Rf8 15.
Nd5 Rf7 16. Qg8+ Rf8 17. Qxh7 Qd7 (17... Rf7 $2 18. Qg8+ Rf8 19. Qg6+ Rf7 20.
Bd3 $16 {1-0 Fogarasi,T-Eberth,Z/Zalakaros 1994 (29)}) 18. Qg6+ (18. Nc7+ Kd8
19. Qxd7+ Bxd7 20. Nxa8 fxe4 21. h4 (21. Kd2 Bc6 22. h4 f5 23. h5 Kd7 24. b4
Ba4 25. Re1 Rxa8 26. h6 Rh8 27. Be2 e3+ $44) (21. g4 Bxg4 22. Rg1 Bxd1 23. Kxd1
Ne6 (23... f5 24. Rg7 f4 25. Rxb7 e3 26. Nc7 Rf7 27. Ne6+ Ke8 28. Rxf7 Kxf7 29.
Nxd4 exd4 30. Ke2 $18) 24. Bh3 f5 25. Rg6 Nf4 26. Rh6 Kc8 $15) 21... Bg4 22.
Re1 f5 23. h5 Kd7 24. h6 Rxa8 25. Rh4 Rh8 $44) 18... Kd8 19. Qh6 (19. Bd3 b5
$132) 19... Qf7 20. Bd3 {1/2-1/2 Samarin,I-Lisenko,A/Briansk 1984 (20)}) (13.
h4 Be6 14. Kb1 (14. h5 g5 (14... Kf7 15. Ne2 (15. Bd3 Rc8 16. hxg6+ hxg6 17. f5
gxf5 18. exf5 Nxf5 19. Qf3 Nh4 20. Qxb7+ {1/2-1/2 Razuvaev,Y-Bonsch,U/
Keszthely 1981 (20)}) (15. Kb1 Rc8 16. fxe5 dxe5 17. Nb5 g5 18. Rxd4 exd4 19.
Nd6+ Ke7 20. e5 Rc6 21. c5 Qa5 22. exf6+ Kf8 23. Bc4 Qxc5 24. Re1 Bf5+ 25. Nxf5
Qxf5+ 26. Ka1 Qf4 (26... Qxf6 $17) 27. Qa3+ Qd6 28. Qd3 (28. Qxa7 $1 $132)
28... Rc5 (28... Rc7 $17) 29. Qe4 $18 {1-0 Bonsch-Suetin/Leipzig 1980 (40)})
15... Nxe2+ 16. Bxe2 Qc7 17. Kb1 Rag8 18. Rhf1 Qc5 19. Qd3 $14 {[%csl Rf7] 0-1
Fogarasi,T-Anka,E/HUN-ch Eger ,EXT 1987 (38)}) 15. fxg5 fxg5 16. c5 (16. h6 Qf6
17. Kb1 Qf4 (17... O-O-O 18. Bd3 Rdf8 19. Rdf1 Qe7 20. Qe3 $14 {1-0 Conquest,
S-Pein,M/BCF ch Plymouth 1989 (48)}) 18. Qd3 O-O-O 19. Ne2 Nxe2 20. Bxe2 Qf2
21. Rdf1 Qxg2 22. Rfg1 Qf2 23. Rf1 (23. Rxg5 $14) 23... Qc5 $132 {1/2-1/2 Bang,
A-Hamann,S/Tastrup 1994 (36)}) 16... a6 (16... h6 17. Bb5+ Ke7 18. Nd5+ Bxd5
19. Rxd4 exd4 20. exd5 Qc7 21. Kb1 Kd8 (21... Qxc5 22. Qe1+ Kd8 23. Qe6 $18)
22. cxd6 Qh7+ 23. Ka1 a6 24. Qa3 Rb8 25. Bd3 $16 {1-0 Ninov,N-Meister,Y/cr
1994/Inf 66/[Ninov,N Kostakiev,D] (29)}) (16... Qa5 17. Rxd4 exd4 18. Bb5+ Bd7
19. Bxd7+ Kxd7 20. Qxd6+ $18) 17. cxd6 Qxd6 18. Qxg5 Rg8 19. Qe3 O-O-O 20. Kb1
$14 {1/2-1/2 Iskusnyh,S-Scerbin,D/Ekaterinburg 1997/EXP 57 (32)}) 14... a6 (
14... Rc8 15. Nd5 Bxd5 16. exd5 O-O $11 (16... Nf5 17. Qf3 Kd7 18. h5 $14 {
1-0 Molnar,B-Dancevski,O/FIJ97 B17 1997 (31)})) 15. Ne2 Nc6 16. Qa3 Bxc4 17.
Rxd6 Qe7 18. Nc3 $14 {1-0 Gufeld,E-Turner,M/London SCCU 1995 (21)}) (13. Ne2
Nxe2+ (13... Ne6 14. f5 Nc5 15. Nc3 $16 {1-0 Gurevich,D-Cramling,D/Eksjo 1982 
(23)}) 14. Bxe2 Be6 15. f5 (15. Qa3 Ke7 $11) 15... Bf7 16. Qa3 (16. fxg6 hxg6
$11) 16... Ke7 $11) 13... Be6 14. f5 $1 $14) 11. Qg3 (11. Qf4 $144 Qa5 12. h4
d6 (12... h5 13. Rd5 $16) 13. Rd5 Qb6 (13... Qd8 14. c5 $1 Be6 (14... O-O 15.
cxd6 $16) 15. cxd6 $1 Bxd5 16. exd5 Qxd6 17. Qxd6 exd6 18. dxc6 $16 {1/2-1/2
Damjanovic,M-Diaz,J/Havana 1968 (87)}) 14. h5 $16) 11... Qa5 12. h4 (12. Rd5
Qb6 13. h4 $16) 12... h5 (12... d6 13. h5 $16) 13. f4 (13. Rd5 Qb6 14. e5 $16 {
[%csl Rc8]}) 13... d6 14. Rd5 Qb6 (14... Qc7 15. f5 Ne5 16. Nb5 Qb8 17. c5 $18)
15. f5 gxf5 (15... Ne5 16. c5 Qc7 17. Bb5+ $18) 16. exf5 Bd7 17. f6 O-O-O 18.
Be2 (18. fxe7 $2 Nxe7 19. Rd2 (19. Rxd6 Nf5 $19) 19... Be6 20. Nb5 Nf5 21. Qf4
Rhg8 22. Rh3 Rg4 $132) 18... Rdg8 (18... Be6 19. Rb5 (19. Bxh5 exf6 $15 (19...
Bxd5 20. Nxd5 Qd4 $132)) 19... Qc7 20. fxe7 Nxe7 21. Bf3 $16 {[%csl Rb7]}) (
18... exf6 19. Nb5 (19. Ne4 $5 Rhg8 20. Qf4 Qc7 21. Nxf6 $16 {[%csl Gf4,Gf6,
Rh5]}) 19... Rhg8 20. Qf4 $1 $16 {The threat (Nd6) is stronger than its
fulfilment} (20. Nxd6+ $2 Kb8 21. Qh2 Ka8 (21... Qe3+ 22. Rd2 Ne5 23. Qg1 (23.
Nxf7 Ba4 $1 $19) (23. Rhd1 Bg4 24. Bxg4 Rxd6 25. Qh3 Qf4 $19) 23... Qh6 24. Qd4
Be6 25. Kc2 Qh7+ $17))) 19. Rg5 (19. Qf4 e5 20. Qf1 Qe3+ 21. Rd2 Be6 22. Bf3
$14 {[%csl Rd6][%cal Gc3b5]}) 19... Rxg5 20. hxg5 (20. Qxg5 $5 exf6 21. Qxf6
Qe3+ 22. Kb1 Be6 (22... Qe5 23. Qxf7 (23. Rf1 Be6 24. g3 $132) 23... Bf5+ 24.
Ka1 Nd4 25. Bd1 Be6 26. Qf1 $16) (22... Rd8 23. Rd1 (23. Bxh5 Nd4 $44) 23...
Be6 24. Bxh5 Bxc4 25. Bxf7 Bd3+ 26. Ka1 Nd4 27. b4 $1 {After this move the
activity of black reachs a deadlock.} Rf8 (27... Nc2+ 28. Kb2 Nxb4 29. Be6+ $18
) 28. Qg7 $18)) 20... exf6 (20... e5 21. Rxh5 $16) 21. gxf6 Ne5 22. Rd1 (22.
Nd5 $5 Qc5 (22... Qd8 23. Qa3 $16 {[%csl Ra7,Rc8,Rd6]}) 23. Rxh5 $5 Re8 (23...
Rxh5 24. Qg8+ $18) 24. Qe3 Qxe3+ 25. Nxe3 $16) 22... h4 (22... Bg4 $2 23. Ne4
$1 Bxe2 (23... Rd8 24. Bxg4+ hxg4 25. c5 $18) 24. Nxd6+ Kb8 25. Qxe5 Bxd1 26.
Nxf7+ $18) 23. Qf4 Ng6 $6 $18 (23... Be6 $142 24. Nb5 Rd8 25. Qd4 Qxd4 26. Rxd4
$16 {[%csl Ra7,Rd6,Rh4]}) (23... Re8 24. Qxh4 Qe3+ 25. Kb1 $18) 24. Qxd6 Qxd6
25. Rxd6 Bc6 26. Nd5 $1 (26. Rd2 Nf4 27. Bg4+ Kc7 28. Nd5+ Bxd5 29. cxd5 Kd6
$44) 26... Ne5 (26... Bxd5 27. Rxd5 Rd8 28. Rxd8+ Kxd8 29. Kd2 Nf8 30. Bh5 Ke8
31. Ke3 Nh7 32. Bf3 b6 33. Kf4 Nxf6 34. Kg5 $18) 27. c5 (27. Kd2 Kb8 {[%cal
Gh8g8]} (27... Rg8 28. Ne7+) 28. b4 b6 (28... a6 29. c5 Rg8 30. Ke3 $18 {
like in this game}) 29. a3 Rg8 30. Ne7 $18) 27... Kb8 28. b4 a6 29. Kd2 Rg8 30.
Ke3 (30. a3 Ka7 31. Bf1 Bxd5 32. Rxd5 Ng4 33. Rd7 Nxf6 34. Rxf7 $18 {[%csl Rb7]
}) 30... Re8 (30... Rxg2 31. Rd8+ Ka7 32. Nb6 $18) 31. Kf2 Bxd5 32. Rxd5 Re6
33. Rd6 {White return back pawn but receive in won endgame.} Rxd6 34. cxd6 Kc8
35. Ke3 (35. Bf3 b6 36. Be2 a5 (36... b5 37. Ke3 Kd7 38. Kf4 Kxd6 39. Kg5 (39.
Kf5 Nc6 40. Bh5 Ne5) 39... Ke6 40. Bd1 Nc4 41. Bg4+ Ke5 42. Bc8 a5 $14) 37.
bxa5 bxa5 38. Bb5 Ng4+ 39. Kf3 Nxf6 40. Kf4 Nd5+ 41. Ke5 Ne3 42. Bc6 Nc4+ 43.
Kd5 Ne3+ 44. Kc5 Kd8 45. Kb5 (45. d7 Kc7 46. Kb5 f5 (46... Nxg2 47. Bxg2 Kxd7
48. Kxa5 $18) 47. Kxa5 Nc4+ 48. Kb5 (48. Kb4 Ne5 49. Bb5 f4 $44) 48... Ne5 49.
Bd5 Kxd7 50. Kc5 $44) 45... Nf5 $11) 35... Kd7 36. Kf4 Kxd6 37. Kg5 Ke6 (37...
b5 38. Kxh4 Nc6 39. a3 Ke5 40. Bf3 (40. Kg5 Nd4 41. Bg4 Ne6+ 42. Bxe6 Kxe6 $11)
40... Nd4 41. Bb7 Kxf6 42. Bxa6 Ke5 43. Kg5 Ne6+ 44. Kh6 Nd4 45. Kg7 (45. g4 $5
) 45... f5 (45... Kf4 46. Kxf7 Kg3 47. Bxb5 Nxb5 48. a4 Nc3 49. a5 Kxg2 50. Ke6
$18) 46. Kh6 Kf6 47. Kh5 Ke5 48. Kg6 f4 49. Kg5 Ne6+ 50. Kh4 (50. Kg4 Nd4)
50... Nd4 51. Kg4 $22 Ke4 52. Bc8 Ke5 53. Bd7 Kd6 54. Bf5 Ke5 55. Bd3 $18) 38.
a4 Nd7 39. Bg4+ Kd6 40. Bh5 (40. Bxd7 $2 Kxd7 41. Kxh4 Ke6 42. Kg5 b6 $11) (40.
a5 $1 $18) 40... Ke6 41. Bg4+ Kd6 42. a5 $1 Ne5 43. Bd1 Nc6 (43... Kd5 44. Bb3+
Kd4 45. Kxh4 Kc3 46. Bd5 Kxb4 47. Kg5 Kc5 48. Bxb7 Nc4 49. Bxa6 Nxa5 50. Be2
Nb7 51. Bh5 Nd8 52. Kh6 $18) 44. Bb3 Nxb4 45. Bxf7 Nc6 46. Ba2 Ne5 47. Kxh4 (
47. Kh6 $18) 47... Nd7 48. Kg5 b6 49. axb6 Nxb6 50. Kf5 1-0

[Event "Linares Anibal op 07th"]
[Site "Linares"]
[Date "2000.01.09"]
[Round "3"]
[White "Iordachescu, Viorel"]
[Black "Mirzoev, Azer"]
[Result "1-0"]
[WhiteElo "2553"]
[BlackElo "2438"]
[Annotator "Alterman,B"]
[PlyCount "51"]
[EventDate "2000.01.07"]
[EventType "swiss"]
[EventRounds "10"]
[EventCountry "ESP"]
[SourceTitle "CBM 075"]
[Source "ChessBase"]
[SourceDate "2000.04.05"]
[SourceVersion "1"]
[SourceVersionDate "2000.04.05"]
[SourceQuality "1"]

1. e4 c5 2. Nf3 Nc6 3. d4 cxd4 4. Nxd4 g6 5. c4 Bg7 6. Be3 Nf6 7. Nc3 Ng4 8.
Qxg4 Nxd4 9. Qd1 Nc6 10. Qd2 Qa5 (10... d6 11. Be2 (11. Rc1 O-O {1/2-1/2 Pein,
M-Levitt,J/London 1999/CBM 70 ext (11)}) 11... O-O 12. O-O Be6 13. Nd5 Qd7 14.
Rac1 Rac8 15. f4 b6 16. b3 f5 17. exf5 Bxf5 18. Rcd1 Kh8 19. Nb4 Nxb4 20. Qxb4
$11 Bg4 21. Qd2 Rce8 22. h3 Bxe2 23. Qxe2 Qc6 24. Qf3 Qxf3 25. Rxf3 {Fridman,
D-Shulman,Y/Pula 1997/CBM 57 ext/[Tsesarsky]/1/2-1/2 (41)}) 11. Be2 (11. Rc1)
11... Bxc3 $146 {[%mdl 16384]} (11... b6 12. Rc1 Bxc3 13. Qxc3 Qxc3+ 14. Rxc3
d6 15. h4 h5 16. O-O Bb7 $14 17. f4 Nd8 18. Bf3 f5 19. exf5 Bxf3 20. Rxf3 gxf5
21. Ra3 Nc6 22. Rg3 Kf7 23. Rg5 e6 24. Rd3 Rad8 25. Bd2 Rh7 26. Bc3 $11 {
Prins,L-Stoltz,G/Karlovy Vary 1948/MCD/0-1 (51)}) (11... O-O 12. O-O d6 13.
Rac1 Be6 14. Rfd1 Rfc8 15. b3 Nb4 16. Bg5 Re8 17. Nd5 Bxd5 18. exd5 Qa3 19. Bg4
f5 20. Bf3 a5 21. Re1 {0-1 Martz,W-Moe,M/Ybbs 1968/MCD (40)}) 12. bxc3 b6 13.
O-O Ba6 14. Rfd1 d6 $2 {[%mdl 8192] Losing by force.Anyway black position is
poor.} 15. Qc2 $1 {[%csl Ra5][%cal Gd1d5]} e6 16. Rxd6 Rc8 17. Bh6 Ke7 18. Rad1
{[%csl Gd6,Ge7,Gf6,Gg7]} Rhd8 19. Qd2 Qe5 20. Rd7+ Ke8 21. Bf4 Qc5 22. Bc7 Rxc7
23. Rxd8+ Ke7 24. Rh8 h5 25. Qh6 {[%cal Rh6f8]} Qe5 26. f4 (26. f4 Qxe4 27.
Qg5+ f6 28. Qh6 {[%cal Gh6g7]}) 1-0

[Event "Cannes masters k.o."]
[Site "Cannes"]
[Date "2000.02.19"]
[Round "1.1"]
[White "Anic, Darko"]
[Black "Haik, Aldo"]
[Result "0-1"]
[WhiteElo "2499"]
[BlackElo "2388"]
[Annotator "Alterman,B"]
[PlyCount "68"]
[EventDate "2000.02.19"]
[EventType "k.o."]
[EventRounds "5"]
[EventCountry "FRA"]
[SourceTitle "CBM 076"]
[Source "ChessBase"]
[SourceDate "2000.05.31"]
[SourceVersion "1"]
[SourceVersionDate "2000.05.31"]
[SourceQuality "1"]

1. Nf3 c5 2. c4 g6 3. d4 cxd4 4. Nxd4 Bg7 5. e4 Nc6 6. Be3 Nf6 7. Nc3 Ng4 8.
Qxg4 Nxd4 9. Qd1 Ne6 10. Qd2 Qa5 11. Rc1 b6 12. Be2 Bb7 13. f3 g5 14. b3 (14.
O-O Be5 15. Rfd1 d6 16. g3 Bxc3 17. Rxc3 Qe5 18. b4 g4 19. c5 O-O 20. c6 Bc8
21. Bh6 Ng7 22. Bf4 Qh5 23. Qc1 $16 {Vinck,M-Kodentsov,G/Leiden 1999/EXT 2000/
1/2-1/2 (66)}) 14... Qe5 $6 {Dubious decision.Now white's attack develops
without problems.} (14... h5 {[%csl Gf4][%cal Yh5h4,Gd7d6,Gg7e5]}) 15. Nd5 $1
h5 16. O-O g4 $146 (16... h4 17. Rfd1 d6 18. b4 Kf8 19. Bf1 h3 20. g4 Bf6 21.
Qf2 Kg7 22. Rc2 Rac8 23. Nxf6 Qxf6 $14 {0-1 Gasthofer,V-Schwamberger,M/Germany
1998/EXT 99 (34)}) 17. f4 Qb2 (17... Qxe4 18. Bd3 $18) 18. Rc2 Qa3 19. e5 {
Immideately winning} (19. f5 $1 {[%mdl 8192]} Nc5 20. Bd4 (20. Nc7+ Kd8 21.
Nxa8 Bxa8 22. Bd4 $16) 20... Bh6 (20... Nxe4 21. Qe3) 21. Qe1 Bxd5 22. exd5 $18
{[%csl Ra3,Rg4,Rh5][%cal Ge1e7]}) 19... Rc8 20. Rd1 $2 {[%mdl 8192] Another
time f5 was strong.} (20. f5 Bxd5 21. cxd5 Rxc2 22. Qxc2 Nc5 23. f6 $1 exf6 24.
exf6 Bh6 25. Bxh6 Rxh6 26. Qd2 $18 {[%csl Re7][%cal Gd2e3]}) 20... Nc5 21. Bd4
Ne4 22. Qd3 Nc5 23. Qe3 Ne6 24. Bb2 Qc5 25. Qxc5 (25. Bc1 $16) 25... Nxc5 26.
b4 Ne6 27. g3 Nc7 28. Ne3 Be4 29. Rcd2 Rd8 30. Rd4 f5 31. exf6 $6 (31. R4d2 $16
{[%csl Rg7][%cal Gd2d7]}) 31... Bxf6 32. Rxe4 Bxb2 33. Nf5 Ne6 34. Rd3 Kf7 $138
0-1

[Event "Budapest Negy CC"]
[Site "Budapest"]
[Date "1975.06.21"]
[Round "6"]
[White "Vaisman, Volodia"]
[Black "Szilagyi, Gyorgy"]
[Result "1-0"]
[WhiteElo "2385"]
[BlackElo "2370"]
[Annotator "Balogh,Bela"]
[PlyCount "71"]
[EventDate "1975.06.16"]
[EventType "tourn"]
[EventRounds "15"]
[EventCountry "HUN"]
[SourceTitle "EXT 2021"]
[Source "ChessBase"]
[SourceDate "2020.10.23"]
[SourceVersion "1"]
[SourceVersionDate "2020.10.23"]
[SourceQuality "1"]

1. e4 c5 2. Nf3 Nc6 3. d4 cxd4 4. Nxd4 g6 5. c4 Bg7 6. Be3 Nf6 7. Nc3 Ng4 8.
Qxg4 Nxd4 9. Qd1 Ne6 10. Rc1 d6 11. b4 O-O 12. Be2 f5 (12... a5 13. a3 axb4 14.
axb4 Bd7 15. O-O Bc6 16. Qd2 Ra3 17. Nd5 Kh8 18. Bb6 Qd7 19. f4 $16 {
Portisch-Pfleger,1974,Manila}) 13. exf5 gxf5 14. f4 a5 15. a3 axb4 16. axb4 Ra3
17. Qd2 Bd7 18. O-O Bc6 19. Bf3 Rxc3 (19... Rf6 20. Nd5 (20. b5 Bxf3 21. Rxf3
Rg6 22. Nd5 Nc5 $14) 20... Rg6 21. Bb6 $16) 20. Rxc3 Bxc3 21. Qxc3 Qc7 22. Qd3
Ng7 23. c5 dxc5 24. Bxc5 Rd8 25. Qe3 Rd7 26. Be2 e6 27. Ra1 Qd8 28. Bb6 Qf6 29.
Ra8+ Kf7 30. b5 Be4 31. Qa3 Qe7 32. Qg3 Qd6 33. Bh5+ Nxh5 34. Qg8+ Kf6 35. Qg5+
Kf7 36. Qxh5+ 1-0

[Event "BL2-Nord 9900"]
[Site "Germany"]
[Date "2000.01.30"]
[Round "5.3"]
[White "Bangiev, Alexander J"]
[Black "Glienke, Manfred"]
[Result "1-0"]
[WhiteElo "2400"]
[BlackElo "2385"]
[Annotator "Bangiev,A"]
[PlyCount "91"]
[EventDate "1999.10.10"]
[EventType "team-tourn"]
[EventRounds "9"]
[EventCountry "GER"]
[SourceTitle "CBM 074 Extra"]
[Source "ChessBase"]
[SourceDate "2000.03.10"]
[SourceVersion "2"]
[SourceVersionDate "2000.03.10"]
[SourceQuality "1"]
[WhiteTeam "Isernhagen"]
[BlackTeam "Kreuzberg"]
[WhiteTeamCountry "GER"]
[BlackTeamCountry "GER"]

1. e4 c5 2. Nf3 Nc6 3. d4 cxd4 4. Nxd4 g6 5. c4 Bg7 6. Be3 Nf6 7. Nc3 Ng4 8.
Qxg4 Nxd4 9. Qd1 Ne6 (9... Nc6) 10. Rc1 O-O (10... Qa5 $1) 11. Bd3 d6 12. O-O
Nc5 13. Bb1 a5 (13... f5 $5 14. exf5 Bxf5 15. Bxf5 Rxf5 16. Qe2 $14) 14. f4 b6
$6 (14... f5 $6 15. e5) (14... Bd7 $5 15. e5 (15. Bxc5 dxc5 16. e5 Bc6 17. Qe2
$14 f6 18. Rcd1 Qc7 19. f5 $1 Qxe5 20. fxg6 hxg6 21. Bxg6 (21. Qxe5 fxe5 22.
Bxg6 Rxf1+ 23. Rxf1 e4 $11) 21... Qxe2 22. Nxe2 Rfd8 23. Ng3 e6 $11) (15. f5
Bc6 16. Qg4 Qb6 $5 17. b3 a4 $132) 15... Bc6 16. exd6 Qxd6 17. Qxd6 exd6 18.
Rfd1 Rfe8 19. Bf2 $14) 15. f5 Bb7 (15... Ba6 16. b3 a4 17. Nd5 $14) 16. Qg4 Nd7
(16... Rc8 17. Qh4) 17. b3 Bc6 18. Qh4 {/\Rf3-h3} (18. Qh3 $5 {[%cal Yf5e6,
Yf5g6,Yg6h7] /\Rf4-h4} a4 (18... Ne5 {/\a4} 19. a4 Rb8 20. Nd5 Rb7 21. Rcd1 $16
) 19. b4 Ne5 20. Nd5 Rb8 21. b5 Bd7 {/\e6} 22. Qh4 Re8 23. fxg6 (23. Qf2 Ng4)
23... hxg6 24. Qf2 $16) 18... Ne5 19. a4 (19. Nd5 Bxd5 20. exd5 Qc7 21. a4 $14)
19... Rb8 20. Ne2 $6 (20. Nd5 $142 Bxd5 21. exd5 $16) 20... Qd7 21. Bc2 (21.
Nd4 Bxa4 $5 22. bxa4 Qxa4 23. Qxe7 Nxc4 24. Bf2 $16) (21. Rcd1 Bxa4 $5 22. bxa4
Nxc4 23. Bd4 $16) 21... Qb7 22. Ng3 $6 (22. Nd4 Bf6 23. Qf4 g5 24. Qg3 $14) (
22. Bg5 $6 f6 23. Be3 g5 24. Qg3 Bxe4 25. Nd4 $44) 22... f6 $5 (22... Rbc8 23.
Rcd1 Bf6 24. Qh3 Bg7 25. Rf4 $36) 23. Bd4 Be8 24. Ne2 Bf7 (24... g5 25. Qh3 h5
26. Nc3 Bf7 27. Nd5 $14) 25. Qh3 g5 26. Nc3 Nd7 27. Rce1 (27. Nd5 Rfe8) 27...
Rfe8 28. Bd1 Nc5 29. Nd5 e5 30. fxe6 Bxe6 31. Qg3 (31. Bg4 Bxd5 $132 (31... f5
32. Bxg7 fxg4 33. Nf6+ $18) 32. exd5 $2 Rxe1 33. Rxe1 f5) 31... Bxd5 32. exd5
Re5 {[%mdl 512] In einer schwierigen Stellung findet Schwarz ein Motiv, durch
das Qualitätopfer die schwarzfeldrige Blockade zu bilden.} (32... Qd7 33. Bg4)
(32... Ne4 $2 33. Qe3) 33. Bxe5 dxe5 34. Bc2 Qe7 35. h4 Bh6 36. Qg4 (36. Qf3
$142) 36... Rf8 37. hxg5 $2 (37. Rf3 $18 {/\Rh3, Qh5 gefolgt von hg5}) 37...
Bxg5 38. Rf3 Qg7 39. Qf5 h6 40. Rb1 Rd8 $6 (40... Re8 $1 41. b4 $6 (41. Be4 $1)
41... axb4 42. Rxb4 e4 43. Rf1 Be3+ 44. Kh1 Re5 45. Qh3 Nd3 $132) 41. b4 $1
axb4 42. Rxb4 Qc7 $2 (42... e4 $6 43. Rf1) (42... Nd7 43. Rb5 $18) 43. Qg6+ Kh8
44. Rxf6 Rg8 (44... Bxf6 45. Qxf6+ Kg8 46. Rxb6 $18) 45. Qxh6+ Bxh6 46. Rxh6+
1-0

[Event "Aruba m"]
[Site "Aruba"]
[Date "1994.??.??"]
[Round "5"]
[White "Polugaevsky, Lev"]
[Black "Piket, Jeroen"]
[Result "0-1"]
[WhiteElo "2595"]
[BlackElo "2605"]
[Annotator "Boensch,U"]
[PlyCount "63"]
[EventDate "1994.02.??"]
[EventType "match"]
[EventRounds "8"]
[EventCountry "NAU"]
[SourceTitle "CBM 040"]
[Source "ChessBase"]
[SourceDate "1994.06.01"]
[SourceVersion "1"]
[SourceVersionDate "1994.06.01"]
[SourceQuality "1"]

1. Nf3 c5 2. c4 Nc6 3. d4 cxd4 4. Nxd4 g6 5. e4 Bg7 6. Be3 Nf6 7. Nc3 Ng4 8.
Qxg4 Nxd4 9. Qd1 e5 (9... Ne6 10. Rc1 Qa5 11. Qd2 (11. Be2 b6 12. O-O Bb7 13.
f3 h5 14. Rf2 g5 15. Bf1 Bxc3 16. Rxc3 g4 17. f4 Bxe4 18. f5 g3 19. hxg3 Nc5
20. Ra3 Qb4 21. Qd4 Rg8 22. Bd2 $18 {Chandler,M-Larsen,B Hastings 1990 1-0 27})
11... b6 12. b3 Bb7 13. Nd5 Qxd2+ 14. Kxd2 Rc8 15. b4 Nd4 16. Bd3 Nc6 17. c5 e6
18. cxb6 exd5 19. exd5 Ne5 20. Rxc8+ Bxc8 21. bxa7 $10 {Levin,F-Lerner,K
Berlin Summer op 1992 1-0 33}) (9... Nc6 $14) 10. Bd3 (10. Nb5 $5 O-O 11. Qd2
Qe7 12. O-O-O (12. f3 f5 13. Bd3 d6 14. Bg5 Bf6 15. Bxf6 Qxf6 16. Nxd4 exd4 17.
O-O $16 {Emelin,V-Silman,J Budapest FS FebGM (07) 1-0 55 -CBM 40}) 12... Nxb5
13. cxb5 $14 {1/4 Ribli,Z-Kasparov,G Belfort WCup 1988}) 10... O-O 11. O-O d6
12. Qd2 Be6 13. Rad1 (13. b3 Re8 14. Rad1 a6 15. Bb1 Rc8 16. Bxd4 exd4 17. Ne2
Rc5 18. Nxd4 $18 {Stefansson,H-Yurtaev,L Gausdal International (7) 1990 1-0 54}
) (13. f4 exf4 14. Rxf4 Nc6 15. Be2 Ne5 16. b3 a6 17. Rd1 Qa5 18. Na4 Qxd2 19.
Bxd2 $14 {Dvoirys,S-Stanec,N Oberwart op (6) 1992 1-0 57}) 13... a6 14. b3 Rc8
15. Ne2 (15. Bb1 $2 b5 16. cxb5 $4 Rxc3 $1 $19) 15... Nc6 16. Bb1 b5 17. cxb5
axb5 18. Nc3 (18. Qxd6 $2 Nd4 $19) 18... Qa5 19. Nd5 b4 (19... Qxd2 20. Rxd2
$14) 20. Bg5 f6 21. Be3 f5 22. exf5 (22. Bb6 $2 Qa6 23. exf5 Bxf5 24. Bc7 Bxb1
25. Rxb1 Rf7 26. Bxd6 Rd7 $19) 22... gxf5 23. Ne7+ $2 (23. a4 $5 bxa3 24. Ne7+
Kf7 25. Nxc8 Rxc8 26. Qxa5 Nxa5 27. Rxd6 Nxb3 28. Ra6 Bf8 $44) 23... Nxe7 24.
Qxd6 Kf7 $19 25. Bg5 Ng6 26. g4 e4 $1 27. h4 Be5 28. Qd2 h6 29. gxf5 (29. Bxh6
Nxh4 $19) 29... Bxf5 30. h5 hxg5 31. hxg6+ Kxg6 32. Qe2 0-1